Normal view
MARC view
- Amo, Elena del,
Entry Nombre Personal
001 - NUMERO DE CONTROL
- campo de control: 45878
003 - IDENTIFICADOR DE NUMERO DE CONTROL
- campo de control: UPN
005 - FECHA Y HORA DE LA ÜLTIMA TRANSACCIÓN
- campo de control: 20220822085008.0
008 - DATOS DE LONGITUD FIJA
- campo de control de longitud fija: 220822nn acannaabn n aaa d
040 ## - FUENTE DE CATALOGACIÓN
- Agencia original de catalogación: UPN
100 1# - ENCABEZAMIENTO - NOMBRE PERSONAL
- Nombre personal: Amo, Elena del,
- Fechas asociadas con el nombre: 1948-
400 1# - VEÁSE - NOMBRE DE PERSONA
- Personal name: Amo de la Iglesia, Elena,
- Dates associated with a name: 1948-
400 1# - VEÁSE - NOMBRE DE PERSONA
- Personal name: Amo de Laiglesia, Elena,
- Dates associated with a name: 1948-
670 ## - FUENTE EN LA QUE SE LOCALIZARON DATOS
- Cita de la fuente: LC/P
680 ## - NOTA PUBLICA DE ACCESO PÚBLICO
- Frase explicativa de la referencia: Traductora española
902 ## - CATALOGADOR
- Catalogador: CAA/220822
